UK Residential Market Survey (Record no. 122352)

MARC details
000 -LEADER
fixed length control field 01361nam a22002177a 4500
005 - DATE AND TIME OF LATEST TRANSACTION
control field 20260520112525.0
008 - FIXED-LENGTH DATA ELEMENTS--GENERAL INFORMATION
fixed length control field 260520e20260520xxk|||||o|||| 00| 0 eng d
041 ## - LANGUAGE CODE
Language code of text/sound track or separate title eng
110 ## - MAIN ENTRY--CORPORATE NAME
Corporate author Royal Institution of Chartered Surveyors
245 ## - TITLE STATEMENT
Title UK Residential Market Survey
Subtitle April 2026
Medium [Electronic resource]
260 ## - PUBLICATION INFORMATION
Place of publication London,
Publisher Royal Institution of Chartered Surveyors,
Date May 2026
300 ## - PHYSICAL DESCRIPTION
Physical description 17p
490 ## - SERIES TITLE
Series statement RICS UK Residential Market Survey
520 ## - ABSTRACT
Abstract The April 2026 RICS UK Residential Market Survey points to a subdued housing market, with higher mortgage rates and wider geopolitical uncertainty continuing to weigh on buyer demand and sales activity. Forward-looking indicators suggest muted conditions are likely to persist over the coming months.<br/><br/>New buyer enquiries remained firmly negative in April, recording a net balance of -34%, albeit slightly improved from -40% recorded in March. Agreed sales also remained weak, with a net balance of -36%, broadly unchanged from -35% previously.
650 ## - KEYWORDS
Keywords HOUSING MARKET
650 ## - KEYWORDS
Keywords RESIDENTIAL PROPERTY
651 ## - SUBJECT ADDED ENTRY--GEOGRAPHIC NAME
Geographic name United Kingdom
710 ## - ADDED CORPORATE NAME
Added corporate author Royal Institution of Chartered Surveyors
856 ## - ONLINE RESOURCE
Uniform Resource Identifier <a href="https://www.rics.org/content/dam/ricsglobal/documents/market-surveys/uk-residential-market-survey/UK-Residential-Market-Survey-April-2026.pdf">https://www.rics.org/content/dam/ricsglobal/documents/market-surveys/uk-residential-market-survey/UK-Residential-Market-Survey-April-2026.pdf</a>
Public note Available on RICS.org
942 ## - ADDED ENTRY ELEMENTS (KOHA)
Suppress in OPAC Do not suppress in OPAC
Holdings
Lost status Damaged status Not for loan Current library Shelving location Date acquired Total Checkouts Full call number Date last seen Price effective from Koha item type
      Virtual Online 20/05/2026   ONLINE PUBLICATION 20/05/2026 20/05/2026 Online material